Loading...
Broken Memories; care studies in memory impoirment.
| Main Author: | |
|---|---|
| Other Authors: | |
| Format: | Printed Book |
| Published: |
UK
Blackwell
1995
|
| LEADER | 00385nam a22001217a 4500 | ||
|---|---|---|---|
| 100 | |a Ruth Camphell.ed. |9 39156 | ||
| 245 | |a Broken Memories; |b care studies in memory impoirment. | ||
| 260 | |a UK |b Blackwell |c 1995 | ||
| 300 | |a 444p. | ||
| 700 | |a Martin A Conway.ed. |9 39157 | ||
| 942 | |c BK | ||
| 999 | |c 90741 |d 90741 | ||
| 952 | |0 0 |1 0 |4 0 |7 0 |9 83352 |a SBES |b SBES |d 2016-08-26 |l 0 |p SBES02118 |r 2016-08-26 |w 2016-08-26 |y BK | ||